[Event "Capablanca Memorial Elite 33rd"]
[Site "Havana"]
[Date "1998.05.10"]
[Round "3"]
[White "Borges Matos, Juan R"]
[Black "Agdestein, Simen"]
[Result "1-0"]
[WhiteElo "2480"]
[BlackElo "2570"]
[Annotator "Tyomkin,D"]
[PlyCount "73"]
[EventDate "1998.05.07"]
[EventType "tourn"]
[EventRounds "11"]
[EventCountry "CUB"]
[EventCategory "12"]
[SourceTitle "CBM 065"]
[Source "ChessBase"]
[SourceDate "1998.08.06"]
[SourceVersion "1"]
[SourceVersionDate "1998.08.06"]
[SourceQuality "1"]

{[%mdl 4124]} 1. d4 e6 2. c4 f5 3. g3 Nf6 4. Bg2 d5 5. Nf3 Bd6 6. O-O c6 7. Qc2
O-O 8. Bf4 Bxf4 9. gxf4 Bd7 10. Nbd2 Be8 11. e3 Ne4 (11... Bh5 12. Ne5 (12. b4
Bxf3 13. Nxf3 Nbd7 14. c5 Ne8 15. a4 h6 16. b5 g5 $132 {Lukov,V-Knaak,R/Halle
1987/0-1(55)}) 12... Ng4 13. Nxg4 Bxg4 14. f3 Bh5 15. Rf2 Nd7 16. Bf1 Kh8 17.
Rg2 Rg8 18. Kh1 Nf6 19. Be2 Rc8 20. c5 $132 {[%cal Gb2b4,Gh7h6,Yg7g5] Iljushin,
A-Moroz,A/Pardubice op 1995/0-1(35)}) (11... Nbd7 12. cxd5 cxd5 (12... Nxd5 $6
13. Nc4 Bh5 14. Kh1 Rf6 15. Rg1 $14 {Gasthofer,V-Moroz,A/Pardubice op 1994/1/
2-1/2(55)}) 13. Qb3 Qb6 14. Rfc1 Bh5 15. Qxb6 Nxb6 16. Ne5 $14 {Gausel,
E-Dizdar,G/Reykjavik op 1988/1/2-1/2 (55)}) 12. Qb3 Qb6 13. Nxe4 fxe4 14. Ne5
$1 $146 (14. Ng5 Rf6 15. f3 h6 16. Nh3 exf3 17. Bxf3 Bg6 18. Nf2 Nd7 19. Kh1
Raf8 20. Ng4 R6f7 21. Rg1 $14 {Tisdall,J-Dittmar,P/Gausdal Int 1991/1/2-1/2(44)
}) 14... Bh5 15. f3 {typical pawn's break in this structure.} ({Deserved
attention} 15. Bh3 $5 Rf6 16. cxd5 exd5 (16... cxd5 17. Qxb6 axb6 18. Rfc1 {
[%cal Gc1c8]} Na6 19. a3 $16 {[%csl Ra6,Re6]}) 17. Bc8 Qxb3 18. axb3 a6 $8 19.
Bxb7 Ra7 20. Bc8 $18 {[%cal Gf1c1]}) 15... exf3 16. Bxf3 $14 {[%csl Rb8]} (16.
Nxf3 $143 Nd7 $132 {[%cal Gf8f6]}) 16... Bxf3 17. Rxf3 Qxb3 18. axb3 Rd8 {
[%cal Gb8d7] If black succsessfully solves problem of development knight b8,
the position will be equal.White tries to prevent it.} 19. f5 $5 exf5 20. Rxf5
{[%cal Gf5f7]} Nd7 21. Nxd7 Rxd7 22. cxd5 cxd5 23. Ra5 $1 {[%cal Ga5d5,Ga5a7]}
Re8 24. Kf2 (24. Rxa7 $143 g6 25. Rf3 Re6 $11 {[%cal Ge6b6]}) 24... Rc7 (24...
b5 25. Rxb5 Rf8 26. Rxf8+ Kxf8 {[%cal Gf8e7,Ge7e6]} 27. Kf3 $14 {[%cal Ge3e4]})
25. Raxd5 Rc2+ 26. Kf3 Rxb2 27. Rb5 b6 (27... Rxh2 $5 28. e4 $1 (28. Rxb7 Rh3+
29. Kg2 Rhxe3 30. Rff7 $11) 28... Rh3+ 29. Kg2 Rd3 30. Rxb7 $14 {[%cal Gf5f7]})
28. h3 Rh2 29. Rbe5 Rxh3+ 30. Ke4 Rh4+ 31. Kd3 (31. Kd5 $5 {[%cal Gd5c6,Gd4d8]}
) 31... Rf8 (31... Rxe5 $6 32. dxe5 $1 $16 {[%csl Rg8][%cal Ge5e8]}) 32. d5 Rd8
33. e4 $16 {Very active position of white's pieces and pair of passed pawn
gives to white a clear advantage.} Rh3+ 34. Kc4 b5+ 35. Kb4 a5+ 36. Kxa5 Rxb3
37. Re7 $138 {[%cal Gf5f7]} (37. Re7 Rf8 38. Rg5 g6 39. d6 Rd3 40. Rd5 $1 $18)
1-0

[Event "RUS-The World"]
[Site "Moscow"]
[Date "2002.09.11"]
[Round "9"]
[White "Dreev, Alexey"]
[Black "Radjabov, Teimour"]
[Result "1/2-1/2"]
[WhiteElo "2676"]
[BlackElo "2610"]
[Annotator "Postny,E"]
[PlyCount "135"]
[EventDate "2002.09.08"]
[EventType "schev (rapid)"]
[EventRounds "10"]
[EventCountry "RUS"]
[SourceTitle "CBM 091"]
[Source "ChessBase"]
[SourceDate "2002.11.12"]
[SourceVersion "1"]
[SourceVersionDate "2002.11.12"]
[SourceQuality "1"]
[WhiteTeam "Russia"]
[BlackTeam "The World"]
[WhiteTeamCountry "RUS"]

1. d4 e6 2. c4 f5 3. g3 Nf6 4. Bg2 c6 5. Qc2 d5 6. Nh3 Bd6 7. O-O O-O 8. Bf4
Be7 9. Nd2 Nh5 {Besides black tried another moves, for instanse:} (9... h6 10.
Bxb8 Rxb8 11. Nf4 Qe8 12. Nf3 Bd6 13. Ne5 Nd7 14. Nfd3 Nxe5 15. dxe5 Be7 16. b4
Bd7 17. a4 $14 {1-0 Baburin,A-Radjabov,T/Torshavn 2000/CBM 78 ext (47)}) (9...
Na6 10. Rfd1 h6 11. f3 g5 12. Be3 Bd7 13. a3 Be8 14. Kh1 Bg6 15. b4 Nc7 16. Bg1
Kg7 17. e4 $13 {1-0 Dobrov,V-Gleizerov,E/Oberwart 2001/EXT 2002 (42)}) 10. Nf3
{[%cal Gf4g5]} (10. Bxb8 Rxb8 11. e3 g5 12. Rfe1 Bd7 13. a3 Bf6 14. Nb3 b6 15.
Rad1 Ng7 16. Nc1 Ne8 17. Nd3 Nd6 $132 {1/2-1/2 Tunik,G-Dolmatov,S/Moscow 2002/
CBM 88 (58)}) 10... Nxf4 $5 {A relatively new approach in this position.} ({
A few years ago Radjabov played} 10... Nd7 11. Bg5 h6 12. Bxe7 Qxe7 13. e3 {
[%cal Yh3f4]} g5 14. Ne1 b6 {and black's counterplay should be sufficient for
the equality - see Lukacs,P-Radjabov,T/Budapest 1999/CBM 69 [Lukacs]}) 11. Nxf4
Bd6 $146 (11... g5 $6 12. Nd3 Nd7 13. b4 Bf6 14. Rfd1 Qe7 15. Rab1 g4 16. Nfe5
Bxe5 17. dxe5 Qg7 18. cxd5 cxd5 19. Qc3 Nb6 20. Nf4 Nc4 21. Nxd5 Nxe5 22. Ne7+
Kh8 23. Rbc1 $16 {1-0 Genov,P-Todorovic,J/Subotica 2002 (45)}) 12. Nd3 Nd7 13.
b4 Qe7 14. Rab1 b5 $1 {The only move to prevent a classical squeeze by white,
had he been able to make the b4-b5 break himself.} 15. cxd5 (15. c5 Bc7 16.
Nfe5 Nxe5 17. Nxe5 Bxe5 18. dxe5 a5 $11) 15... cxd5 {[%cal Yd7b6,Yb6c4]} 16.
Qc6 Rb8 17. Nfe5 Rb6 18. Qc3 Nxe5 (18... Ra6 $5 {[%csl Ra2][%cal Yd7b6,Yb6c4]})
19. dxe5 Bb8 20. Rfc1 {White's position looks quite strong, but black controls
all squares on the "c" file in his camp, as well as the Bg2 is unemployed, so
white's advantage is temporary.} Bb7 21. Qd4 Rc8 22. Rxc8+ Bxc8 23. Rc1 Bd7 24.
Rc5 ({An attempt to organize the e2-e4 breakthrow can only hurt white, for
instanse:} 24. f3 $6 {[%cal Ge2e4]} Rc6 25. Nc5 a5 {[%cal Gb8a7,Ga7g1]} 26. a3
(26. e4 $6 axb4 27. exd5 Bxe5 28. Qxe5 Rxc5 $15) 26... Be8 $11 27. e4 $2 fxe4
28. fxe4 Qg5 {[%csl Rc1,Re5]}) 24... Kf8 25. h4 Rb7 26. Qc3 Qd8 27. Qa3 Rc7 28.
Qa6 Qc8 29. Qxc8+ (29. Rxc7 Qxa6 30. Rxd7 Qc8 31. Nc5 Bxe5 32. Nxe6+ Ke8 33.
Rd8+ Qxd8 34. Nxd8 Kxd8 $11) 29... Rxc8 30. f4 a6 31. e3 Ba7 32. Rxc8+ {
Black has forced white to exchange RR and thus the position became completely
equal.} Bxc8 33. Kf2 h5 $11 34. Ke2 Ke7 35. Nc1 Kd7 36. Nb3 Kc6 37. Kd3 Bd7 38.
Bf3 Be8 39. Bd1 {In this sort of position there is not much sense to analyse
concrete variations. The position is "desert like" and there is "no water to
be drawn from the stone".} Bb6 40. a3 Ba7 41. Nd2 Kc7 42. Nf3 Bb6 43. Ng5 Kd7
44. Bb3 Ba7 45. Nf3 Bb6 46. Bd1 Ba7 47. Nd2 Bb6 48. Nb1 {In the last dozens of
moves white has been "draging his feet" in this objectively dead drawn
position. Probably this can be explained by team considerations. This game was
played in the penultimate round, with Russia still trailing several points
behind.} Kc7 49. Nc3 Ba7 50. Bf3 Kd8 51. Ne2 Kc7 52. Nc1 Bb6 53. Nb3 Kc6 54.
Be2 Ba7 55. Kd2 Kc7 56. Bf3 Bb6 57. Kd3 Kc6 58. Nd4+ Bxd4 {Black can go for
this exchange without hesitation. There is no entry square for the white K, so
the position is just a dead draw.} 59. Kxd4 Bf7 60. Bd1 Be8 61. a4 Kb6 62. a5+
Kc6 63. Bb3 g6 64. Bd1 Bf7 65. Be2 Be8 66. Bd1 Bf7 67. Bb3 Be8 68. Bd1 1/2-1/2

[Event "Tata Steel-A 79th"]
[Site "Wijk aan Zee"]
[Date "2017.01.28"]
[Round "12"]
[White "Eljanov, Pavel"]
[Black "Carlsen, Magnus"]
[Result "0-1"]
[WhiteElo "2755"]
[BlackElo "2840"]
[Annotator "Sadorra,J"]
[PlyCount "120"]
[EventDate "2017.01.14"]
[EventType "tourn"]
[EventRounds "13"]
[EventCountry "NED"]
[EventCategory "21"]
[SourceTitle "CBM 177"]
[Source "ChessBase"]
[SourceDate "2017.03.16"]
[SourceVersion "1"]
[SourceVersionDate "2017.03.16"]
[SourceQuality "1"]

1. d4 e6 2. c4 f5 3. g3 Nf6 4. Bg2 d5 5. Nf3 Bd6 6. Nc3 c6 {For a must-win
game, it is interesting that the Magnus chooses the Dutch Stonewall which is
also part of the repertoire of other World Champions such as Steinitz,
Alekhine, Botvinnik, Petrosian etc!} 7. Bf4 ({The most common way to continue
here is} 7. O-O O-O 8. Bf4 (8. Qc2) 8... Bxf4 9. gxf4 Nbd7 {leading to similar
paths as in the game.}) 7... Bxf4 8. gxf4 O-O 9. e3 Bd7 {This is one of the
typical ways to develop the famous or infamous, depending on your perspective
and experience, Stonewall bishop.} ({Another way to bring it out is} 9... b6
10. O-O Bb7 (10... Ba6 $6 11. Ne5 {now Black cannot develop the b8-knight.}
Nfd7 12. b3 $1 $14 Nxe5 13. dxe5 dxc4 14. Qxd8 Rxd8 15. b4 $1 {shutting out
the black bishop followed by exploiting the development advantage and weak
a8-h1 diagonal is the idea behind b2-b3.}) 11. Ne5 Nbd7 12. Rc1 Qe7 {with a
solid position.} (12... Ne4 $5 {is also playable.})) 10. Qb3 Qc7 11. O-O Be8
12. Rfc1 {White now starts to make threats before Black finishes development
which can bring him closer to equality.} Qe7 (12... Bh5 $4 13. cxd5 exd5 14.
Nxd5 $18) 13. Qa3 $1 {One of the well-known ideas in the Stonewall for White
is to trade off Black's good dark-squares bishop in order to weaken the dark
squares and sometimes even leave Black with the "worse minor piece." Eljanov
rightfully extends this idea by trading off Black's queen which was serving
the same function of the aforementioned bishop.} ({Another good way to
increase the advantage is to simply keep improving his pieces and prepare the
Qa3 idea or a queenside expansion.} 13. Ne5 Bh5 14. Rab1 Na6 (14... Kh8 15. Qa3
$1) 15. cxd5 $5 (15. Qa3 Nb4) 15... exd5 (15... cxd5 16. Qa3 Nb4 17. Nb5 $16 {
with a clear plan of invasion.}) 16. Qc2 Ne4 17. b4 $36 {with an easy plan of
using the minority attack.}) (13. Rab1 $5 $14) 13... Qxa3 14. bxa3 Nbd7 15.
Rab1 {White has successfully transformed a slightly better middlegame into
superior endgame position.} Rb8 16. a4 $1 {a nice prophylactic move - it both
prepares to meet ...Nb6 and plans to further weaken the queenside pawns in the
future.} a5 (16... Nb6 17. c5 (17. Bf1 $5) 17... Nc4 {now the a-pawn is not
under attack!} 18. Bf1 $1 (18. Ne5 Na5 19. Rb4 Nd7) 18... Na5 19. Rb4 $14 {
and Black will have to be very careful and alert in this complex ending as
White has a dangerous plan of doubling on the b-file and then bringing his
knight to b3!}) 17. Rb2 Ne4 $6 ({It was objectively better to do "trench
warfare" with} 17... Bh5 18. Ne5 (18. Rcb1 $2 Bxf3 19. Bxf3 b6 {and there's no
way to break through Black's fortress.}) 18... Rfc8 19. Rcb1 b6 20. Bf1 Be8 {
but it's probably too deressing for Carlsen's taste.}) 18. Nxe4 dxe4 19. Ng5 $1
{The right square and plan.} (19. Ne5 Nxe5 20. dxe5 (20. fxe5 c5 $1 $132 {
and things start to look complicated for White. Just look at Black's famous/
infamous bishop!} 21. d5 Bxa4 22. Rcb1 $2 b5 $1 $15) 20... c5) 19... Rf6 20. f3
$1 {this pawn break is all part of the plan. Because if not, then what is the
future of his knight after h7-h6??} h6 21. Nh3 exf3 22. Bxf3 Rf7 23. Nf2 c5 24.
Nd3 $1 {Eljanov has been playing excellently, exercising good control on the
board and on his clock. He has 30 min left to Magnus's 39 min in a great
position that he knows he's fully capable of winning.} cxd4 25. exd4 Nf6 26.
Nc5 ({Another way to step up the pressure is to prepare the march of the
future passed c-pawn:} 26. Ne5 Rc7 27. c5 $1 (27. Rcb1 Rd8 {gives Black some
counterplay}) 27... Bxa4 (27... Rd8 28. Rxb7 Rxb7 29. Bxb7 Rxd4 30. c6 $18) 28.
Rcb1 $16) 26... Ne4 27. Nxe6 Bxa4 28. d5 Bd7 29. Bxe4 $6 {A misjudged exchange.
It's not disastrous, but it already allows Black counterplay in the form of
piece activity.} fxe4 30. Nc5 Bg4 31. Re1 {All part of Eljanov's plan
connected to his decision to trade on move 29, at least according to the quick
pace at which he played the moves.} Rc8 $1 {This is most probably what he
missed in his analysis as he now stopped for 10 minutes before making his next
move.} 32. Nxe4 Rxf4 {Just look at Black's pieces now compared to when they
were living under the Stonewall bridge, say around move 22.} 33. Nd6 Rcf8 $1 {
Magnus now starts playing quickly and more confidently.} 34. Rb3 {Eljanov now
starts to switch to more solid play.} (34. Rxb7 $4 Bh3 35. Rbb1 Rg4+ 36. Kh1
Bg2+ 37. Kg1 Be4# {is one line that shows the dynamic power of Black's pieces,
thus the game move.}) 34... R8f6 35. Ne4 Rg6 36. Rg3 b6 $1 {a nice little move
that makes a big impact as it makes it difficult for White to push his passed
pawn in the future.} 37. d6 $6 {a risky decision.} ({I think it's best to go
for waiting tactics especially as the time control is approaching:} 37. Nd2 Bf5
{and White at least has a sure way to keep the balance.} (37... Rgf6 38. Ne4) (
37... Kh7 38. Re4 $1) 38. Rxg6 Bxg6 39. Re6 $11) 37... Kh7 38. Nf2 $2 {Panic
sets in as Eljanov tries to make the time control with 2 minutes left.} (38.
Ree3 $142) ({or} 38. h4 $5 Bf5 39. h5 $1 Rxg3+ 40. Nxg3 $13) 38... Rxc4 39.
Nxg4 Rgxg4 40. Rxg4 Rxg4+ 41. Kf2 Rd4 42. Re6 Kg8 {Suddenly, it is White that
must play for a draw.} 43. Ke3 Rd1 44. d7 {The best chance to obtain drawing
chances as holding on to the pawn only makes things worse for White.} ({E.g.} 
44. Ke4 Kf7 ({Not} 44... Re1+ $4 45. Kd5 Rxe6 46. Kxe6 Kf8 47. d7 $4) 45. Re7+
Kf6 46. Rd7 h5 47. Rd8 (47. h4 g6 $1 48. Rd8 Ke6 49. Rg8 (49. Re8+ Kd7 $19)
49... Rg1 50. Rd8 Rg4+ {netting another pawn.}) 47... Ke6 48. Rg8 (48. Re8+ Kd7
49. Re7+ Kxd6 50. Rxg7 Rd2 {similar to the mainline}) 48... Rd2 $1 {the enemy
passed pawn isn't going anywhere!} (48... Rxd6 49. Rxg7 Rd2 50. Rg6+ {is a big
difference}) 49. Rxg7 Kxd6 $19) 44... Rxd7 45. Rxb6 Rd5 {At this point of the
game, one can't help but stop and wonder at how Magnus was able to turn the
game around against a strong strategic player!} 46. Rb2 Kh7 47. Ke4 Rh5 48. Kf4
Rh4+ 49. Kg3 g5 50. Rb7+ Kg6 51. Rb6+ Kh5 52. h3 Ra4 53. Rc6 ({Defending the
a-pawn doesn't help either.} 53. Rb2 Ra3+ 54. Kg2 Kh4 $19) 53... Ra3+ 54. Kg2
Rxa2+ 55. Kg3 a4 56. Ra6 a3 57. Kf3 Rb2 58. Kg3 (58. Rxa3 Kh4 $19 {and the
h-pawn falls.}) 58... a2 59. Kf3 a1=Q 60. Rxa1 Kh4 {And because there's
nothing White can do to hold on to his h-pawn, Black resigns. An very
important win for the current World Champion, setting up a tense and dramatic
finale in the last round!} 0-1

[Event "New York op"]
[Site "New York"]
[Date "1998.03.16"]
[Round "2"]
[White "Gershon, Alik"]
[Black "Vaisser, Anatoli"]
[Result "0-1"]
[WhiteElo "2425"]
[BlackElo "2595"]
[Annotator "Tyomkin,D"]
[PlyCount "70"]
[EventDate "1998.03.16"]
[EventType "swiss"]
[EventRounds "9"]
[EventCountry "USA"]
[SourceTitle "CBM 064"]
[Source "ChessBase"]
[SourceDate "1998.06.02"]
[SourceVersion "1"]
[SourceVersionDate "1998.06.02"]
[SourceQuality "1"]

1. d4 {Hecht} e6 2. c4 f5 3. Nf3 Nf6 4. g3 d5 5. Bg2 c6 6. O-O Bd6 7. Qc2 O-O
8. Nc3 Ne4 9. e3 $146 (9. Nd2 Nd7 10. Ndxe4 fxe4 11. Be3 Nf6 12. f3 exf3 13.
Bxf3 Bd7 14. Bf2 b5 15. cxb5 cxb5 16. a3 Rc8 17. Qd3 Qe8 18. e4 $14 {
Ardiansyah,H-Portisch,L/Thessaloniki olm 1988/0-1(42)}) (9. Ne1 Qf6 (9... Nd7
10. e3 {-9.e3}) 10. e3 Nd7 11. Ne2 Qe7 12. Nd3 b6 13. b3 Bb7 14. Bb2 Rac8 15.
f3 Nef6 16. Nf2 c5 $11 {Lukacs,P-Tseshkovsky,V/Wijk-B 1988/0-1(32)}) (9. Rb1
$142 {[%cal Gb2b4]} Qe7 (9... Nd7 $6 10. b4 a6 11. c5 (11. a4 $5) 11... Bc7 12.
a4 $6 (12. Bf4 $142) 12... e5 13. dxe5 Nxe5 14. Nxe5 Bxe5 15. Bb2 Nxc3 16. Bxc3
Bxc3 17. Qxc3 f4 $132 {Kastanieda Georgiy-Gorjatschkin Wjatscheslaw/Ch Russia 
(club), Briansk (Russia) 1995/0-1(39)}) (9... a5 10. a3 Qe7 11. b4 axb4 12.
axb4 Bxb4 $2 13. Nxe4 dxe4 14. Bg5 Qd7 15. Rxb4 exf3 16. exf3 Qxd4 17. Rbb1 Nd7
18. Be7 Re8 19. Rfd1 Qa7 20. Bd6 Qa5 21. f4 $44 {|^^^ Novikov,I-Moskalenko,V/
Cap d'Agde op 1994/1-0(57)}) 10. b4 $1 (10. Bf4 $5 Bxf4 11. gxf4 Nd7 12. b4 b6
13. b5 Nxc3 14. Qxc3 Bb7 15. cxd5 exd5 16. bxc6 $16 {Schandorff,L-Nielsen,P/
Gistrup 1996/1-0(40)}) 10... a6 (10... Bxb4 $2 11. Nxe4 dxe4 12. Bg5 $16) (
10... Bd7 11. b5 Nxc3 12. Qxc3 cxb5 13. cxb5 Rc8 14. Qb3 a6 15. bxa6 Rxa6 16.
Qxb7 Rxa2 17. Bf4 Nc6 18. Bxd6 Qxd6 19. Ne5 Ra7 20. Qb2 Rb8 21. Qc3 Rxb1 22.
Rxb1 Nxe5 23. dxe5 Qc7 24. Qb2 Ra4 25. Qb8+ Qxb8 26. Rxb8+ Kf7 27. f4 Ra7 28.
Bf3 Rc7 29. Kf2 Ba4 30. Rh8 Kg6 31. h4 Bc2 32. h5+ Kh6 33. Re8 Rc6 34. Rd8 g6
35. Rd6 {Novikov,I-Gleizerov,E/EUCup Gr Portoroz 1993/1/2-1/2 (47)}) 11. a4 Nd7
$5 (11... Bd7 $5) 12. b5 (12. Bf4 $2 Bxb4 $17) (12. c5 $6 Bc7 {/\ e5<=>[+]})
12... axb5 13. axb5 Kh8 $6 {עh8} 14. Bf4 $1 (14. Na4 $6 Rxa4 $1 15. Qxa4 Nc3
$10) 14... Ra3 $5 {+/= Gleizerov,E-Moroz,A/Lubniewice 1994} (14... Bxf4 $6 15.
gxf4 $16 {><e5, Bc8}) (14... Ra3 $5 15. Na4 $1 $14)) (9. Bf4 Bxf4 10. gxf4 Nd7
(10... Bd7 11. Qb3 Qb6 12. Qa3 Qa6 13. Qxa6 Nxa6 14. Ne5 $14 {Karpeshov
O-Gleizerov Evgeny/Ch Russia (club), Briansk (Russia) 1995/1/2-1/2(33)}) 11. e3
(11. b4 $5) 11... Qe7 12. Ne2 a5 13. c5 b6 14. cxb6 Ba6 15. Rfc1 Rfb8 $11 {
Eslon,J-Moskalenko,V/Andorra op 1991/1/2-1/2(22)}) 9... Nd7 10. Ne1 Nxc3 11.
Qxc3 b5 $5 12. cxd5 (12. c5 $5 Bc7 13. Nd3 a5 $13) (12. b3 $2 bxc4 13. bxc4 Ba6
) 12... cxd5 13. Qc6 Qb6 (13... Nb6 $5 14. Qxb5 a5 15. Qe2 Ba6 $44) 14. Qxa8
Ba6 15. Qxf8+ Kxf8 {The material is 2R:Q,but black pieces are better developed.
Black intends to play b5-b4 and to transfer hisN to-e4,but in my opinion white
isn't worse in this position,and maybe even better.} 16. Nf3 $6 (16. Nd3 $142
b4 17. Rd1 Nf6 18. Bf1 g5 (18... Ne4 19. f3 Nf6 20. Bd2) 19. Bd2) 16... b4 17.
Re1 Nf6 18. b3 $6 {[%csl Rc3]} (18. Bd2 $142 {[%cal Ge1c1]} Ne4 19. Rec1 g5 20.
Be1) 18... Ne4 19. Bb2 Nc3 20. Bf1 Bxf1 21. Kxf1 $2 (21. Rxf1 Qb5 {[%cal Rb5e2]
} (21... Ne2+ 22. Kg2 Qc6 23. Rfd1 {[%cal Gd1d2]}) 22. Bxc3 bxc3 23. Rac1 Qe2
24. Ne1 (24. Ng5 Qb2 $1) (24. Kg2 Qb2 $1)) 21... Qa6+ 22. Kg2 Qd3 23. Rec1 (23.
Kg1 $6 Ne2+ 24. Kg2 Qc2 $1 25. Rad1 $1 (25. Rab1 Qe4 $1) 25... Nc3) 23... Qe4 {
[%cal Re4g2,Gg7g5,Gg5g4]} 24. Bxc3 $4 (24. h4 {I don't see how black can win
after this move.} g6 (24... Nb5 25. Rc8+ Kf7 26. Rac1 g6 27. Rh8 h6 $5 (27...
Kg7 28. Rd8 h6 29. Rd7+ Kf6 30. Rh7 $1) 28. Rh7+ Kg8 29. Rb7) 25. Bxc3 bxc3 26.
Rxc3 h6 27. Rh1 $1 Kg7 (27... g5 28. hxg5 hxg5 29. Rc8+ Kg7 30. Rch8) (27...
Ke7 28. Rc8 g5 29. hxg5 hxg5 30. Rh7+ Kf6 31. Rh6+ Kg7 32. Rch8) 28. Rc6 Bf8
29. Rc7+ Kg8 (29... Kf6 30. Rxa7 g5 31. hxg5+ hxg5 32. Rhh7) 30. Rxa7 g5 31.
hxg5 hxg5 32. Rh5 g4 33. Rg5+ Kh8 34. Rh5+ $11) 24... bxc3 $19 {[#] Hecht: 
Black wins by the advance of his g-pawn, due to the pin on the knight at f3
which cannot be broken. The entrance of White's rooks comes too late. The
finale comes with a surprising mating attack. [#] Hecht:  Wegen der nicht
aufhebbaren Fesselung des Sf3 gewinnt Schwarz durch das Vorrücken seines
g-Bauern den Springer. Der Einsatz der weißen Türme kommt zu spät. Das Finale
bildet ein überraschender Mattangriff.} 25. h4 c2 26. a3 g6 {[%cal Gh7h6,Gg6g5]
} (26... h6 $2 27. h5) 27. Ra2 h6 28. Raxc2 g5 29. Rc8+ Ke7 30. hxg5 hxg5 31.
Rh1 g4 32. Rh7+ Kf6 33. Kg1 (33. Rch8 Qxf3+ (33... gxf3+ 34. Kh3 $8 (34. Kh2
Bxg3+ $3)) 34. Kg1 Bxg3 $1 35. Rh6+ Ke7 36. R6h7+ Kd6 37. Rd8+ Kc6 38. Rc8+ Kb6
$19) 33... gxf3 34. Rch8 {Hecht: There threatens a perpetual check by means of
Rh6 and R6h7. Black counters with an inventive mating attack! To me, this is
worth a Medal. Hecht: droht Dauerschach mittels Th6 und T6h7. Schwarz kontert
mit einem erfindungsreichen Mattangriff! Das ist mir eine Medaille wert.} Qb1+
35. Kh2 {[%tqu "En","","","","d6g3","",10]} Bxg3+ $1 (35... Bxg3+ {Hecht} 36.
Kxg3 (36. fxg3 Qc2+ 37. Kh3 Qg2+ 38. Kh4 Qh2#) 36... Qg1+ 37. Kxf3 (37. Kh3
Qg2+ 38. Kh4 Qg4#) 37... Qg4#) 0-1